Statistiques concernant Mathématiques : Ensembles de nombres usuels

Cliquez ici pour prendre le quiz!

Statistiques générales

  • Ce quiz a été pris 122 fois
  • Le résultat moyen est 4 sur 6

Statistiques - réponses

HintRéponse% Correct
Réels
83%
Complexes
70%
Entiers naturels
66%
Décimaux
65%
Entiers relatifs
57%
Rationnels
51%

Distribution des résultats

Percentile par nombre de réponses

% des personnes avec chaque résultat

Votre développement - résultats

Vous n’avez pas pris ce quiz